[Event "Druzynowe Mistrzostwa Polski Szkol - Licealiada"]
[Site "Szklarska Poreba"]
[Date "1899-12-30"]
[Round "1.1"]
[White "Kozak, Antoni"]
[Black "Skowron, Mateusz"]
[Result "1-0"]
[WhiteTitle "m"]
[BlackTitle "I"]
[WhiteElo "2236"]
[BlackElo "1555"]

1. e4 c6 2. d4 d5 3. exd5 cxd5 4. Bd3 Nc6 5. c3 Qc7 6. h3 Nf6 7. Ne2 e6 8. Bg5
Be7 9. Nd2 O-O 10. Nf3 Rb8 11. a4 Bd7 12. O-O Rfc8 13. Bf4 Bd6 14. Bxd6 Qxd6 15.
Re1 Na5 16. Ne5 a6 17. Ng3 Nc4 18. Bxc4 dxc4 19. a5 b5 20. axb6 Rxb6 21. Qe2 Qd5
22. Nf1 Qb5 23. Ra2 Nd5 24. Nd2 Rbb8 25. Nexc4 Qc6 26. Ne5 Qb7 27. Ne4 Qb3 28.
Rea1 Bb5 29. Qh5 Be8 30. Nd6 Nf6 31. Qf3 Rd8 32. Nxe8 Rxe8 33. Nd3 Rb6 34. Rxa6
Rxa6 35. Rxa6 h6 36. g3 Rb8 37. Kg2 Qb5 38. Ra8 Kh7 39. Rxb8 Qxb8 40. b4 Qc7 41.
Nc5 Nd5 42. b5 g6 43. Ne4 Kg7 44. c4 Nb6 45. c5 Nd5 46. Nd6 1-0

[Event "Druzynowe Mistrzostwa Polski Szkol - Licealiada"]
[Site "Szklarska Poreba"]
[Date "1899-12-30"]
[Round "1.2"]
[White "Kukula, Karol"]
[Black "Dzwierzynski, Bartosz"]
[Result "1/2-1/2"]
[WhiteTitle "I"]
[BlackTitle "I"]
[WhiteElo "1705"]
[BlackElo "1906"]

1. e4 c5 2. Nf3 d6 3. Bb5+ Bd7 4. Bxd7+ Nxd7 5. O-O g6 6. c3 Bg7 7. d4 e6 8. Re1
Ne7 9. Be3 O-O 10. dxc5 dxc5 11. Na3 Qc7 12. Nc4 Nc6 13. Qd6 Qxd6 14. Nxd6 b6
15. Rad1 Nf6 16. Bg5 Ng4 17. h3 Nge5 18. Nxe5 Bxe5 19. Nc4 f6 20. Nxe5 Nxe5 21.
Bf4 Rad8 22. Bxe5 fxe5 23. f3 Kf7 24. Kf2 Kf6 25. Kg3 h6 1/2-1/2

[Event "Druzynowe Mistrzostwa Polski Szkol - Licealiada"]
[Site "Szklarska Poreba"]
[Date "1899-12-30"]
[Round "1.3"]
[White "Chlebowicz, Szymon"]
[Black "Szeliga, Sebastian"]
[Result "1-0"]
[WhiteTitle "III"]
[BlackTitle "I"]
[WhiteElo "1112"]
[BlackElo "1404"]

1. d4 Nf6 2. Nc3 e6 3. Nf3 b6 4. e4 Bb7 5. Bd3 h6 6. a3 c5 7. Be3 d5 8. Bb5+ Bc6
9. exd5 Bxb5 10. Nxb5 Nxd5 11. O-O a6 12. Nc3 Nxc3 13. bxc3 Nc6 14. Rb1 cxd4 15.
Nxd4 Nxd4 16. Bxd4 b5 17. Qf3 Qd5 18. Qxd5 exd5 19. Rfe1+ Kd7 20. Ra1 f6 21. a4
Bd6 22. axb5 axb5 23. g3 Kc6 24. Rxa8 Rxa8 25. f4 Kd7 26. Rb1 Rb8 27. Kf2 1-0

[Event "Druzynowe Mistrzostwa Polski Szkol - Licealiada"]
[Site "Szklarska Poreba"]
[Date "1899-12-30"]
[Round "1.4"]
[White "Hryn, Aleksandra"]
[Black "Mytych, Wiktoria"]
[Result "1/2-1/2"]
[WhiteTitle "I+"]
[BlackTitle "I"]
[WhiteElo "1473"]
[BlackElo "1371"]

1. e4 c6 2. d4 d5 3. Nc3 dxe4 4. Nxe4 Bf5 5. Ng3 Bg6 6. h4 h6 7. Nf3 Nd7 8. h5
Bh7 9. Bd3 Bxd3 10. Qxd3 e6 11. Bd2 Bd6 12. O-O-O Ngf6 13. Rde1 Bxg3 14. fxg3
Qb6 15. Qa3 Qb5 16. Qb4 Qxb4 17. Bxb4 Nd5 18. Bd2 O-O-O 19. c4 N5f6 20. b3 Ng4
21. Re2 Rhe8 22. Rh4 Ndf6 23. Bc3 b6 24. Ne5 Nxe5 25. dxe5 Nh7 26. Rg4 Rg8 27.
Bd2 Kd7 28. Kc2 c5 29. Rf2 Ke7 30. Be3 Rde8 31. Rgf4 Ref8 32. Rg4 Re8 33. Rgf4
Rgf8 34. Rg4 Rg8 35. Rgf4 Rgf8 36. Rg4 Rg8 37. Rgf4 Rgf8 1/2-1/2

[Event "Druzynowe Mistrzostwa Polski Szkol - Licealiada"]
[Site "Szklarska Poreba"]
[Date "1899-12-30"]
[Round "1.9"]
[White "Stolarski, Cyprian"]
[Black "Wilgosz, Jan"]
[Result "0-1"]
[WhiteTitle "III"]
[BlackTitle "II+"]
[WhiteElo "1486"]
[BlackElo "1328"]

1. e4 e5 2. f4 Bc5 3. Nf3 d6 4. h3 Nf6 5. Nc3 a6 6. a3 Nc6 7. fxe5 dxe5 8. d3 h6
9. b4 Ba7 10. Bb2 O-O 11. Qd2 Qe7 12. b5 Nd4 13. Nxd4 Bxd4 14. bxa6 Rxa6 15. a4
Nh5 16. Ba3 Qh4+ 17. Kd1 Rd8 18. Nd5 Bxa1 19. Be7 Qg3 20. Bxd8 Be6 21. Nxc7 Rc6
22. Nxe6 Bc3 23. Qe2 Rxe6 24. Kc1 Nf4 25. Qd1 Qe3+ 26. Kb1 Ra6 27. a5 Qc5 28.
Ka2 Qb4 0-1

[Event "Druzynowe Mistrzostwa Polski Szkol - Licealiada"]
[Site "Szklarska Poreba"]
[Date "1899-12-30"]
[Round "1.10"]
[White "Kawalko, Adam"]
[Black "Lesniak, Kacper"]
[Result "1-0"]
[WhiteTitle "I++"]
[BlackTitle "II"]
[WhiteElo "1607"]
[BlackElo "1530"]

1. e4 e6 2. d4 d5 3. Nc3 Bb4 4. e5 c5 5. a3 cxd4 6. axb4 dxc3 7. Qg4 cxb2 8. Bxb2
g6 9. Bd3 Ne7 10. h4 h5 11. Qf4 d4 12. Qxd4 Qxd4 13. Bxd4 Nbc6 14. Bb5 O-O 15.
Bc5 Rd8 16. Rd1 Rxd1+ 17. Kxd1 b6 18. Bd6 a6 19. Bd3 Bb7 20. Nf3 Nd5 21. b5 axb5
22. Kd2 b4 23. Rb1 Rd8 24. Ke1 Nf4 25. Bf1 Ra8 26. Kd2 Ra5 27. Bxb4 Nxb4 28. Rxb4
Bxf3 29. Rxf4 Bc6 30. Rc4 Bd5 31. Rb4 b5 32. g3 Bc6 33. Kc3 Ra3+ 34. Rb3 Ra5 35.
Kb4 Ra2 36. Bd3 Kg7 37. Kc5 Bd7 38. Rc3 Ra5 39. Kb6 Ra4 40. Rc7 Be8 41. Rc8 Kf8
42. Rxe8+ Kxe8 43. Bxb5+ Kd8 44. Bxa4 Ke7 45. c4 f6 46. f4 fxe5 47. fxe5 Kf7 48.
c5 Kg7 49. Bc2 Kh6 50. c6 g5 51. c7 gxh4 52. gxh4 Kg7 53. c8=Q Kh6 54. Qxe6+ Kg7
55. Qg6+ Kf8 56. Qh7 Ke8 57. e6 Kd8 58. Qd7# 1-0

[Event "Druzynowe Mistrzostwa Polski Szkol - Licealiada"]
[Site "Szklarska Poreba"]
[Date "1899-12-30"]
[Round "1.11"]
[White "Zielaskowski, Damian"]
[Black "Kawaler, Adam"]
[Result "0-1"]
[WhiteTitle "II"]
[BlackTitle "I"]
[WhiteElo "1255"]
[BlackElo "1675"]

1. e4 c6 2. d4 d5 3. e5 Bf5 4. Bd3 Bxd3 5. Qxd3 Qa5+ 6. c3 e6 7. f4 Qa6 8. Qxa6
Nxa6 9. Nf3 h5 10. O-O Nh6 11. b3 c5 12. Na3 Rc8 13. Nb5 Nc7 14. a4 Nf5 15. Bd2
a6 16. Nxc7+ Rxc7 17. Rac1 Be7 18. b4 cxb4 19. cxb4 Rxc1 20. Rxc1 Kd7 21. Kf2
Rc8 22. Rxc8 Kxc8 23. g3 Kd7 24. h4 Bd8 25. Bc3 Ne7 26. Ne1 Nc6 27. Nd3 Bb6 28.
Ke3 f6 29. Nf2 fxe5 30. fxe5 Nxe5 31. a5 Nc4+ 32. Kf4 Bc7+ 0-1

[Event "Druzynowe Mistrzostwa Polski Szkol - Licealiada"]
[Site "Szklarska Poreba"]
[Date "1899-12-30"]
[Round "1.13"]
[White "Nocon, Kacper"]
[Black "Kozlak, Mateusz"]
[Result "0-1"]
[WhiteTitle "II"]
[BlackTitle "III"]
[WhiteElo "1266"]
[BlackElo "1025"]

1. c4 c5 2. Nf3 Nc6 3. Nc3 e6 4. d4 cxd4 5. Nxd4 Nf6 6. g3 d5 7. Bg2 Bb4 8. O-O
Bxc3 9. bxc3 O-O 10. Bg5 Nxd4 11. Qxd4 dxc4 12. Bxf6 gxf6 13. Qxc4 e5 14. Rfd1
Qe7 15. Qh4 Bf5 16. e4 Bg6 17. Qh6 Rfd8 18. h4 Qf8 19. Rxd8 Rxd8 20. Qe3 b6 21.
g4 h6 22. a4 Kg7 23. g5 fxg5 24. hxg5 h5 25. a5 Qc5 26. Qf3 Rd6 27. axb6 axb6
28. Rc1 b5 29. c4 bxc4 30. Bf1 c3 31. Rxc3 Qd4 32. Rd3 Qb4 33. Rxd6 Qxd6 34. Bh3
Qe7 35. Bf5 Qxg5+ 36. Kf1 Bxf5 37. exf5 Qg4 38. Qg3 Qxg3 39. fxg3 Kf6 40. Kf2
Kxf5 41. Ke3 Kg4 42. Kf2 f5 43. Kg2 e4 44. Kf2 e3+ 45. Kxe3 Kxg3 46. Ke2 Kg2 47.
Ke3 h4 48. Kf4 h3 49. Kxf5 h2 50. Ke4 h1=Q 51. Ke5 Qh4 52. Kf5 Kf3 53. Ke5 Qe4+
54. Kd6 Qf5 55. Kc6 Ke4 56. Kd6 Qd5+ 57. Ke7 Qc6 58. Kf7 Kf5 59. Ke7 Qe6+ 60.
Kf8 Qd7 61. Kg8 Kg6 62. Kh8 Qg7# 0-1

[Event "Druzynowe Mistrzostwa Polski Szkol - Licealiada"]
[Site "Szklarska Poreba"]
[Date "1899-12-30"]
[Round "1.14"]
[White "Fiedorek, Michal"]
[Black "Nocon, Jakub"]
[Result "1-0"]
[WhiteTitle "FM"]
[BlackTitle "II"]
[WhiteElo "1787"]
[BlackElo "1265"]

1. e4 c5 2. Nf3 d6 3. d4 cxd4 4. Nxd4 Nf6 5. Nc3 a6 6. Be3 e6 7. Be2 b5 8. Bf3
Bb7 9. e5 Bxf3 10. Qxf3 Nd5 11. Nxd5 exd5 12. Qxd5 Ra7 13. e6 fxe6 14. Nxe6 Qa5+
15. c3 Rf7 16. O-O Nd7 17. a4 Nb6 18. Qc6+ Nd7 19. b4 Rxf2 20. Rxf2 Qxb4 21. cxb4
bxa4 22. Bg5 Be7 23. Qc8+ 1-0

[Event "Druzynowe Mistrzostwa Polski Szkol - Licealiada"]
[Site "Szklarska Poreba"]
[Date "1899-12-30"]
[Round "1.15"]
[White "Truty, Dominik"]
[Black "Lewandowski, Wiktor"]
[Result "1/2-1/2"]
[WhiteTitle "III"]
[BlackTitle "I"]
[WhiteElo "1177"]
[BlackElo "1617"]

1. c4 c5 2. Nc3 Nc6 3. g3 e5 4. Bg2 g6 5. e4 Bg7 6. Nge2 Nge7 7. O-O O-O 8. d3
d6 9. h3 f5 10. f4 a6 11. Kh2 Rb8 12. a3 Nd4 13. Nxd4 cxd4 14. Nd5 Nxd5 15. cxd5
Bd7 16. Rb1 b5 17. b4 a5 18. Qb3 a4 19. Qa2 Kh8 20. Bd2 Qb6 21. Rbc1 Rbc8 22.
Rxc8 1/2-1/2

[Event "Druzynowe Mistrzostwa Polski Szkol - Licealiada"]
[Site "Szklarska Poreba"]
[Date "1899-12-30"]
[Round "2.1"]
[White "Skowron, Mateusz"]
[Black "Kozlak, Mateusz"]
[Result "1-0"]
[WhiteTitle "I"]
[BlackTitle "III"]
[WhiteElo "1555"]
[BlackElo "1025"]

1. f4 d5 2. Nf3 c5 3. e3 Nc6 4. Bb5 a6 5. Bxc6+ bxc6 6. b3 Nf6 7. O-O Bf5 8. d3
e6 9. Bb2 Bd6 10. Nbd2 O-O 11. Qe1 Bg6 12. Nh4 h6 13. Nxg6 fxg6 14. Nf3 Qc7 15.
Ne5 Bxe5 16. Bxe5 Qe7 17. Qg3 Kh7 18. f5 Qe8 19. Bd6 Rg8 20. fxe6 Qxe6 21. Bxc5
Rge8 22. Rae1 Rad8 23. Qh4 Nd7 24. Bd4 c5 25. Bc3 Rf8 26. Qg3 Nf6 27. Rf3 Rf7
28. Ref1 Rdf8 29. h3 Nh5 30. Rxf7 Rxf7 31. Rxf7 Qxf7 32. Qd6 Nf6 33. Qxc5 Qd7
34. Be5 Kg8 35. Qd4 Kf7 36. Bxf6 gxf6 37. e4 Ke6 38. exd5+ Qxd5 39. Qxd5+ Kxd5
40. c3 a5 41. a4 f5 42. Kf2 g5 43. h4 g4 44. g3 Ke5 45. Ke3 h5 46. b4 axb4 47.
cxb4 Kd5 48. a5 Kc6 49. Kf4 1-0

[Event "Druzynowe Mistrzostwa Polski Szkol - Licealiada"]
[Site "Szklarska Poreba"]
[Date "1899-12-30"]
[Round "2.2"]
[White "Fiedorek, Michal"]
[Black "Kukula, Karol"]
[Result "1/2-1/2"]
[WhiteTitle "FM"]
[BlackTitle "I"]
[WhiteElo "1787"]
[BlackElo "1705"]

1. e4 c5 2. Nf3 e6 3. d4 cxd4 4. Nxd4 Nf6 5. Nc3 Nc6 6. Ndb5 Bb4 7. a3 Bxc3+ 8.
Nxc3 d5 9. exd5 Nxd5 10. Nxd5 exd5 11. Bd3 Qe7+ 12. Qe2 Qxe2+ 13. Kxe2 Ne5 14.
Bb5+ Bd7 15. Bxd7+ Kxd7 16. Bf4 f6 17. Rad1 Kc6 18. Kd2 Rhe8 19. Rhe1 Rad8 20.
Kc1 Nc4 21. f3 b6 22. Bg3 Ne3 23. Rd2 Nf5 24. Rde2 Rxe2 25. Rxe2 Nxg3 26. hxg3
Kd6 27. Kd2 Rc8 28. Kd3 h5 29. f4 g6 30. Re1 Rh8 31. Re3 Rc8 32. c3 Rc4 33. Re8
g5 34. b3 Rc7 35. fxg5 fxg5 36. Rh8 Rg7 37. Rxh5 Ke5 38. Rh1 Rf7 39. Re1+ Kd6
40. Re2 Rf6 41. Kd4 Rf1 42. Kd3 1/2-1/2

[Event "Druzynowe Mistrzostwa Polski Szkol - Licealiada"]
[Site "Szklarska Poreba"]
[Date "1899-12-30"]
[Round "2.3"]
[White "Szeliga, Sebastian"]
[Black "Lewandowski, Wiktor"]
[Result "0-1"]
[WhiteTitle "I"]
[BlackTitle "I"]
[WhiteElo "1404"]
[BlackElo "1617"]

1. e4 c5 2. Nf3 e6 3. d4 cxd4 4. Nxd4 Nc6 5. Nc3 Qc7 6. a3 a6 7. Be3 Nf6 8. Be2
Be7 9. h3 b5 10. Bf3 Bb7 11. O-O O-O 12. Qd2 d6 13. Rad1 Ne5 14. Rfe1 Rac8 15.
Bg5 Nc4 16. Qc1 Nxa3 17. bxa3 Qxc3 18. Rd3 Qc7 19. Re2 Rfe8 20. Qb2 Nd7 21. Bxe7
Rxe7 22. Rb3 Ne5 23. a4 Nc4 24. Qb1 bxa4 25. Rb4 Ne5 26. Rxa4 h6 27. Rb4 a5 28.
Rb6 Nc4 29. Rb3 Ba6 30. Re1 Nd2 0-1

[Event "Druzynowe Mistrzostwa Polski Szkol - Licealiada"]
[Site "Szklarska Poreba"]
[Date "1899-12-30"]
[Round "2.4"]
[White "Lascar, Maria Elena"]
[Black "Hryn, Aleksandra"]
[Result "1-0"]
[WhiteTitle "I+"]
[BlackTitle "I+"]
[WhiteElo "1478"]
[BlackElo "1473"]

1. e4 c5 2. Nf3 d6 3. d4 cxd4 4. Nxd4 Nf6 5. Nc3 a6 6. g3 e5 7. Nf5 Nc6 8. Bg2
Be6 9. O-O Qd7 10. Ne3 Be7 11. Ncd5 Qd8 12. c4 O-O 13. Bd2 Bxd5 14. exd5 Nb8 15.
Nf5 Nbd7 16. Nxe7+ Qxe7 17. b4 Rac8 18. Rc1 Nb6 19. Qb3 Rfd8 20. Be3 Nfd7 21.
a4 h6 22. a5 Na8 23. f4 Nc7 24. fxe5 Nxe5 25. Rfe1 Qf6 26. Bd4 Re8 27. Rf1 Qg6
28. Rcd1 Rcd8 29. Bb6 Rd7 30. Bh3 Rde7 31. Bd4 1-0

[Event "Druzynowe Mistrzostwa Polski Szkol - Licealiada"]
[Site "Szklarska Poreba"]
[Date "1899-12-30"]
[Round "2.5"]
[White "Wilgosz, Jan"]
[Black "Nocon, Kacper"]
[Result "1-0"]
[WhiteTitle "II+"]
[BlackTitle "II"]
[WhiteElo "1328"]
[BlackElo "1266"]

1. e4 e6 2. d4 d5 3. Bd3 dxe4 4. Bxe4 Nf6 5. Bf3 c5 6. Ne2 Be7 7. O-O O-O 8. Bg5
cxd4 9. Qxd4 Qc7 10. Nbc3 Nc6 11. Qh4 Ne5 12. Qg3 Nxf3+ 13. Qxf3 Bd7 14. Rad1
Bc6 15. Qg3 Qb6 16. b3 Rfd8 17. Be3 Bc5 18. Bxc5 Qxc5 19. Qe3 Qxe3 20. fxe3 Ng4
21. Rxd8+ Rxd8 22. Rd1 Rxd1+ 23. Nxd1 Kf8 24. h3 Nf6 25. Nd4 Ne4 26. Nxc6 bxc6
27. Nf2 Nxf2 28. Kxf2 Ke7 29. Kf3 Kd6 30. Ke4 Kc5 31. a3 a5 32. Kd3 e5 33. g4
1-0

[Event "Druzynowe Mistrzostwa Polski Szkol - Licealiada"]
[Site "Szklarska Poreba"]
[Date "1899-12-30"]
[Round "2.6"]
[White "Nocon, Jakub"]
[Black "Kawalko, Adam"]
[Result "0-1"]
[WhiteTitle "II"]
[BlackTitle "I++"]
[WhiteElo "1265"]
[BlackElo "1607"]

1. c4 e5 2. Nc3 g6 3. g3 Bg7 4. Bg2 f5 5. d3 Nf6 6. e4 d6 7. h3 Nc6 8. Nge2 O-O
9. Be3 Kh8 10. Qd2 fxe4 11. Nxe4 Nxe4 12. Bxe4 Bf5 13. Bd5 Qd7 14. h4 a5 15. Nc3
Nb4 16. Be4 Bxe4 17. Nxe4 d5 18. Nc5 Qf5 19. a3 Nc6 20. cxd5 Nd4 21. Ne4 Nf3+
0-1

[Event "Druzynowe Mistrzostwa Polski Szkol - Licealiada"]
[Site "Szklarska Poreba"]
[Date "1899-12-30"]
[Round "2.7"]
[White "Kawaler, Adam"]
[Black "Truty, Dominik"]
[Result "1-0"]
[WhiteTitle "I"]
[BlackTitle "III"]
[WhiteElo "1675"]
[BlackElo "1177"]

1. d4 Nf6 2. Bf4 g6 3. Nc3 Bg7 4. e4 d6 5. Qd2 O-O 6. O-O-O Nbd7 7. Bh6 c5 8. Bxg7
Kxg7 9. e5 Ne8 10. f4 e6 11. exd6 b6 12. Nf3 cxd4 13. Qxd4+ Nef6 14. Ne5 Nxe5
15. fxe5 Nd7 16. Ne4 Bb7 17. Bd3 Rc8 18. h4 Nc5 19. Nxc5 Rxc5 20. Be4 Bxe4 21.
Qxe4 Qc8 22. h5 h6 23. Rd2 Rc4 24. Qe3 1-0

[Event "Druzynowe Mistrzostwa Polski Szkol - Licealiada"]
[Site "Szklarska Poreba"]
[Date "1899-12-30"]
[Round "2.9"]
[White "Bartlomowicz, Jakub"]
[Black "Stolarski, Cyprian"]
[Result "1-0"]
[WhiteTitle "I"]
[BlackTitle "III"]
[WhiteElo "1439"]
[BlackElo "1486"]

1. e4 e5 2. Nf3 d6 3. Bc4 Bg4 4. h3 Bxf3 5. Qxf3 Qf6 6. Qb3 b6 7. O-O Qg6 8. Nc3
c6 9. Ne2 Nf6 10. Ng3 Be7 11. Re1 O-O 12. c3 h5 13. d4 h4 14. Nf5 Bd8 15. Nxh4
Qh7 16. Nf5 b5 17. Bd3 exd4 18. cxd4 Ne8 19. Bf4 g5 20. Bxd6 Nxd6 21. Nxd6 Qh8
22. Nf5 Bb6 23. e5 Re8 24. Re3 Bxd4 25. Nxd4 Rxe5 26. Rf3 Qg7 27. Nf5 Qf8 28.
Qxf7+ Qxf7 29. Nh6+ Kf8 30. Nxf7 Ke7 31. Nxe5 Nd7 32. Nxc6+ Kd6 33. Bxb5 a6 34.
Ba4 Nc5 35. Rf6+ Kd5 36. Rf5+ Kd6 37. Rd1+ Kc7 38. Rxc5 Kb6 39. b4 a5 40. Nxa5
Rxa5 41. Rd6+ Kb7 42. bxa5 Ka7 43. Rb6 Ka8 44. Rc8+ Ka7 45. Rc7+ Ka8 46. Bc6#
1-0

[Event "Druzynowe Mistrzostwa Polski Szkol - Licealiada"]
[Site "Szklarska Poreba"]
[Date "1899-12-30"]
[Round "2.12"]
[White "Lesniak, Angelika"]
[Black "Wasala, Wiktoria"]
[Result "1-0"]
[WhiteTitle "I"]
[BlackTitle "I"]
[WhiteElo "1416"]
[BlackElo "1315"]

1. c4 e5 2. Nc3 Nf6 3. d3 Be7 4. Nf3 d6 5. g3 Nc6 6. Bg2 Be6 7. O-O d5 8. cxd5
Nxd5 9. Bd2 O-O 10. Nxd5 Bxd5 11. Bc3 e4 12. dxe4 Bxe4 13. e3 Qd5 14. Qxd5 Bxd5
15. Rfd1 Rad8 16. a3 Bb3 17. Rf1 Bf6 18. Bxf6 gxf6 19. Rac1 Bd5 20. Rfd1 Be4 21.
Nd2 Bxg2 22. Kxg2 Rfe8 23. Nf3 Kf8 24. Kf1 Rxd1+ 25. Rxd1 Ne5 26. Nxe5 fxe5 27.
Rd7 Re7 28. Rd2 Ke8 29. Ke2 Rd7 30. Rc2 c6 31. Kf3 f5 32. Rc5 Rd5 33. Rxd5 cxd5
34. g4 fxg4+ 35. Kxg4 Ke7 36. Kf5 Kd6 37. h4 h5 38. b3 b6 39. f3 a6 40. b4 a5
41. bxa5 bxa5 42. a4 d4 43. exd4 exd4 44. Ke4 Kc5 45. Kd3 Kb4 46. f4 Kxa4 47.
f5 Kb3 48. f6 a4 49. f7 a3 50. f8=Q a2 51. Qb8+ Ka4 52. Kc4 Ka3 53. Qb4# 1-0

[Event "Druzynowe Mistrzostwa Polski Szkol - Licealiada"]
[Site "Szklarska Poreba"]
[Date "1899-12-30"]
[Round "2.14"]
[White "Dzida, Kamil"]
[Black "Kozak, Antoni"]
[Result "0-1"]
[WhiteTitle "k+"]
[BlackTitle "m"]
[WhiteElo "1884"]
[BlackElo "2236"]

1. d4 d5 2. c4 e6 3. Nf3 Nf6 4. Nc3 c6 5. Bg5 dxc4 6. e4 b5 7. e5 h6 8. Bh4 g5
9. Nxg5 hxg5 10. Bxg5 Nbd7 11. exf6 Bb7 12. g3 Qb6 13. Bg2 c5 14. d5 O-O-O 15.
O-O b4 16. Na4 Qb5 17. a3 Nb8 18. axb4 cxb4 19. Be3 Bxd5 20. Qe2 Bxg2 21. Kxg2
Rd3 22. Rfc1 Nc6 23. b3 c3 24. Rd1 Rd5 25. Qf3 Bh6 26. Bc5 Bd2 27. Be3 Bxe3 28.
Rxd5 Qxd5 29. Qxd5 exd5 30. fxe3 Kc7 31. Nc5 a5 32. Nd3 Kd6 33. Nf4 Ke5 34. Rf1
a4 35. bxa4 Ra8 36. Rd1 Rxa4 37. Kf3 d4 38. Nd3+ Kxf6 39. exd4 c2 40. Rc1 b3 41.
d5 Ne5+ 42. Ke3 Nxd3 43. Kxd3 Rc4 44. Kd2 b2 45. Rxc2 Rd4+ 0-1

[Event "Druzynowe Mistrzostwa Polski Szkol - Licealiada"]
[Site "Szklarska Poreba"]
[Date "1899-12-30"]
[Round "2.15"]
[White "Dzwierzynski, Bartosz"]
[Black "Majdanski, Maksymilian"]
[Result "1-0"]
[WhiteTitle "I"]
[BlackTitle "I"]
[WhiteElo "1906"]
[BlackElo "1778"]

1. d4 d5 2. c4 e6 3. Nc3 c6 4. cxd5 exd5 5. Qc2 Bd6 6. Nf3 Ne7 7. Bg5 h6 8. Bh4
Qc7 9. e3 Bf5 10. Bd3 Bxd3 11. Qxd3 Ng6 12. Bg3 Bxg3 13. hxg3 Nd7 14. Rb1 Nf6
15. b4 O-O 16. O-O Rfe8 17. b5 Ne4 18. Rfc1 Qd7 19. bxc6 bxc6 20. Na4 h5 21. Nc5
Qg4 22. Qc2 h4 23. Nxh4 Nxh4 24. gxh4 Qxh4 25. Nxe4 Rxe4 26. Qxc6 Rd8 27. Qc7
Ree8 28. Rb7 Qh5 29. Rxa7 Rf8 30. a4 Rde8 31. Qh2 Qg5 32. Qh3 Re6 33. Rac7 Rh6
34. Qf3 Qh4 35. g3 Qh2+ 36. Kf1 Rf6 37. Qg2 Qh5 38. Kg1 Ra6 39. R7c5 Rxa4 40.
Qxd5 Qg6 41. Qf5 Qa6 42. Rc6 Qb7 43. Rc8 Ra8 44. Rxf8+ Rxf8 45. e4 g6 46. Qf4
Qb2 47. d5 Qd4 48. Re1 Rd8 49. Qe3 Qg7 50. Kg2 1-0

[Event "Druzynowe Mistrzostwa Polski Szkol - Licealiada"]
[Site "Szklarska Poreba"]
[Date "1899-12-30"]
[Round "3.1"]
[White "Koziorowicz, Michal"]
[Black "Skowron, Mateusz"]
[Result "1-0"]
[WhiteTitle "k"]
[BlackTitle "I"]
[WhiteElo "1997"]
[BlackElo "1555"]

1. e4 c6 2. d4 d5 3. e5 Bf5 4. h4 h6 5. g4 Be4 6. f3 Bg6 7. h5 Bh7 8. e6 fxe6 9.
Bd3 Qd6 10. f4 Bxd3 11. Qxd3 Nf6 12. Nf3 Nbd7 13. Ne5 Ne4 14. Nd2 Ndf6 15. c3
Qc7 16. a4 Rh7 17. b4 O-O-O 18. Nb3 Re8 19. Qe3 Nd7 20. Nd2 Nxe5 21. fxe5 Nxd2
22. Bxd2 Rh8 23. Qd3 b6 24. Qg6 Kd7 25. O-O Rb8 26. Be3 Rc8 27. Rf3 Qb7 28. Qd3
Re8 29. Raf1 Qc8 30. R1f2 Qb7 31. Qf1 Qc8 32. Bc1 Rg8 33. Ba3 Rh8 34. Qd3 Rg8
35. Qh7 1-0

[Event "Druzynowe Mistrzostwa Polski Szkol - Licealiada"]
[Site "Szklarska Poreba"]
[Date "1899-12-30"]
[Round "3.2"]
[White "Kukula, Karol"]
[Black "Dzida, Kamil"]
[Result "0-1"]
[WhiteTitle "I"]
[BlackTitle "k+"]
[WhiteElo "1705"]
[BlackElo "1884"]

1. e4 c5 2. Nf3 d6 3. Bb5+ Bd7 4. Bxd7+ Qxd7 5. O-O Nf6 6. Re1 Nc6 7. c3 e6 8.
d4 cxd4 9. cxd4 d5 10. e5 Ne4 11. Nbd2 Nxd2 12. Bxd2 Be7 13. Rc1 O-O 14. Rc3 Rfc8
15. a3 Bd8 16. Rd3 Ne7 17. h4 a5 18. Nh2 Qb5 19. Bc3 Qa6 20. Qd2 b5 21. Rf3 Qb7
22. h5 Nc6 23. Qf4 b4 24. Bd2 Rc7 25. Ng4 bxa3 26. bxa3 Qb2 27. Nh6+ Kf8 28. Bc3
Qc2 29. Nxf7 Ke8 30. Nxd8 Rxd8 31. Qf8+ Kd7 32. Qf7+ Kc8 33. Qxe6+ Kb7 34. Qf5
Qa4 35. Rb1+ Ka7 36. Qd3 Qxa3 37. Bb2 Qxd3 38. Rxd3 Nb4 39. Ra3 Kb6 40. Bc3 Rdc8
41. Bxb4 Rc1+ 42. Rxc1 Rxc1+ 43. Kh2 axb4 44. Re3 Kb5 45. e6 Rc8 46. Kg3 Kc4 47.
Kf4 b3 48. e7 b2 49. Re1 Re8 50. Kf5 Rxe7 0-1

[Event "Druzynowe Mistrzostwa Polski Szkol - Licealiada"]
[Site "Szklarska Poreba"]
[Date "1899-12-30"]
[Round "3.3"]
[White "Majdanski, Maksymilian"]
[Black "Szeliga, Sebastian"]
[Result "1-0"]
[WhiteTitle "I"]
[BlackTitle "I"]
[WhiteElo "1778"]
[BlackElo "1404"]

1. d4 Nf6 2. c4 e6 3. g3 d5 4. Nf3 b6 5. Bg2 Bb7 6. O-O Nbd7 7. Qc2 c5 8. Rd1 Rc8
9. Nc3 Be7 10. cxd5 Nxd5 11. a3 Qc7 12. Nxd5 Bxd5 13. e4 Bb7 14. d5 Bf6 15. dxe6
fxe6 16. Bf4 e5 17. Bg5 O-O 18. Bh3 Rcd8 19. Bxf6 Nxf6 20. Ng5 Rxd1+ 21. Rxd1
Qe7 22. f3 Bc8 23. Qc4+ Kh8 24. Bxc8 h6 25. Bf5 hxg5 26. Qf1 Qf7 27. Rd7 Qb3 28.
Qh3+ Kg8 29. Be6+ 1-0

[Event "Druzynowe Mistrzostwa Polski Szkol - Licealiada"]
[Site "Szklarska Poreba"]
[Date "1899-12-30"]
[Round "3.5"]
[White "Stolarski, Cyprian"]
[Black "Kozak, Antoni"]
[Result "0-1"]
[WhiteTitle "III"]
[BlackTitle "m"]
[WhiteElo "1486"]
[BlackElo "2236"]

1. d4 d5 2. c4 e6 3. Nf3 Nf6 4. Bf4 dxc4 5. e3 b5 6. a4 c6 7. axb5 cxb5 8. b3 Bb4+
9. Nbd2 c3 10. Bxb5+ Bd7 11. Bxd7+ Nbxd7 12. O-O cxd2 13. Nxd2 O-O 14. Bg5 Bxd2
15. Qxd2 Ne4 16. Qa5 Qxg5 17. Qxg5 Nxg5 18. Rfc1 h6 19. Rc7 Nf6 20. b4 Nd5 21.
Rb7 Rfb8 22. Rxb8+ Rxb8 23. Rxa7 Rxb4 24. h3 Rb1+ 25. Kh2 Rb2 26. f4 Nf3+ 27.
Kg3 Ne1 28. Ra8+ Kh7 29. Ra7 Rxg2+ 30. Kh4 g5+ 31. fxg5 Nf3+ 32. Kh5 Rxg5# 0-1

[Event "Druzynowe Mistrzostwa Polski Szkol - Licealiada"]
[Site "Szklarska Poreba"]
[Date "1899-12-30"]
[Round "3.6"]
[White "Dzwierzynski, Bartosz"]
[Black "Lesniak, Kacper"]
[Result "1-0"]
[WhiteTitle "I"]
[BlackTitle "II"]
[WhiteElo "1906"]
[BlackElo "1530"]

1. d4 d5 2. c4 e6 3. Nc3 Bb4 4. f3 h6 5. a3 Bxc3+ 6. bxc3 Nf6 7. cxd5 Nxd5 8. Bd2
Nc6 9. e4 Nf6 10. Bd3 b6 11. Ne2 O-O 12. O-O Bb7 13. Qe1 Nh5 14. f4 f5 15. e5
Na5 16. c4 Nb3 17. Rd1 Nxd2 18. Qxd2 Qe7 19. Nc3 c5 20. d5 exd5 21. cxd5 Rad8
22. Bc4 a6 23. d6+ Qf7 24. Bxf7+ Rxf7 25. e6 Rf6 26. e7 Rfxd6 27. exd8=Q+ Rxd8
28. Qxd8+ Kh7 29. Rd7 1-0

[Event "Druzynowe Mistrzostwa Polski Szkol - Licealiada"]
[Site "Szklarska Poreba"]
[Date "1899-12-30"]
[Round "3.7"]
[White "Zielaskowski, Damian"]
[Black "Chlebowicz, Szymon"]
[Result "1-0"]
[WhiteTitle "II"]
[BlackTitle "III"]
[WhiteElo "1255"]
[BlackElo "1112"]

1. e4 e5 2. Nf3 Nc6 3. Bc4 d6 4. h3 h6 5. c3 Nf6 6. d3 Be7 7. O-O a6 8. Re1 b5
9. Bb3 Na5 10. Bc2 c5 11. b4 cxb4 12. cxb4 Nc6 13. a3 Be6 14. Be3 d5 15. exd5
Nxd5 16. Bb3 Bf6 17. Ra2 O-O 18. Bc5 Re8 19. Qc2 Nf4 20. Bxe6 Rxe6 21. Be3 Nxd3
22. Rd1 e4 23. Nh2 Rc8 24. Qe2 Bd4 25. Rad2 Nce5 26. Bxd4 Qxd4 27. Ng4 Rec6 28.
Nxe5 Qxe5 29. Rxd3 Rc1 30. Rd8+ Kh7 31. Rxc8 Rxc8 32. Re1 f5 33. Nd2 Rc2 34. Rd1
Ra2 35. Qe3 Qd5 36. g3 g5 37. Kg2 Kg6 38. g4 Kf6 39. gxf5 Kxf5 40. Qe2 Ke5 41.
Nf3+ Ke6 42. Rxd5 Rxe2 43. Nd4+ Kxd5 44. Nxe2 Kc4 45. Ng3 Kb3 46. Nxe4 Kxa3 47.
Nc5 Kxb4 48. Nxa6+ Kc4 49. Kg3 b4 50. Nxb4 Kxb4 51. Kg4 1-0

[Event "Druzynowe Mistrzostwa Polski Szkol - Licealiada"]
[Site "Szklarska Poreba"]
[Date "1899-12-30"]
[Round "3.8"]
[White "Mytych, Wiktoria"]
[Black "Lesniak, Angelika"]
[Result "1/2-1/2"]
[WhiteTitle "I"]
[BlackTitle "I"]
[WhiteElo "1371"]
[BlackElo "1416"]

1. e4 d5 2. exd5 Nf6 3. Nc3 Nxd5 4. Nxd5 Qxd5 5. Nf3 Bg4 6. Be2 e6 7. h3 Bh5 8.
O-O c6 9. d3 Bxf3 10. Bxf3 Qd8 11. Re1 Be7 12. Bf4 O-O 13. Be4 Bf6 14. Rb1 g6
15. c3 Na6 16. d4 Nc7 17. Qf3 Nd5 18. Bxd5 exd5 19. Be5 Bxe5 20. Rxe5 Re8 21.
Rbe1 Qd7 22. Qf6 Rxe5 23. Rxe5 Re8 24. f4 a6 25. Kf2 Re6 26. Rxe6 Qxe6 27. Qe5
h5 28. Qb8+ Kg7 29. Qxb7 Qe4 30. Qxc6 Qxf4+ 31. Kg1 Qe3+ 32. Kh2 Qf4+ 33. Kg1
Qc1+ 34. Kh2 Qf4+ 35. Kg1 1/2-1/2